000 00440ntaaa2200181 4500
003 01
005 20251027201747.0
008 0714s1973 ag 01
040 _aAR-BaBN
_bspa
_cAR-BaBN
_eaacr
_dRIC
082 _a240.0000 G92
100 _aGrubb, Norman P.
_916148
245 _aAvivamiento continuo
250 _a1 ed.
260 _aMontevideo, Uruguay :
_bLa Cruzada,
_cs.f.
300 _a47 p
650 _avida cristiana
942 _cBK
999 _c12293
_d12293